000 00575nam a22002417a 4500
003 UA-OsUOA
001 20368
007 ta
008 20031028b un ||||| |||| 00| 0 ukr d
100 _aПерельман А.И.
090 _a910.4:929
_bП27
942 _cBK
040 _aUA-OsUOA
_brus
_cUA-OsUOA
_dUA-OsUOA
245 _aАлександр Евгеньевич Ферсман
300 _a295 с.
955 _a0
041 _arus
080 _a910.4:929
260 _aМосква
_bНаука
_c1968
044 _aRU
650 7 _2UDC
999 _c306545
_d306545